Statistiques concernant Départements Limitrophes des Alpes-de-Haute-Provence

Cliquez ici pour prendre le quiz!

Statistiques générales

  • Ce quiz a été pris 33 fois
  • Le résultat moyen est 5 sur 5

Statistiques - réponses

Départements% Correct
Hautes-Alpes
100%
Alpes-Maritimes
97%
Var
97%
Drôme
93%
Vaucluse
93%

Distribution des résultats

Percentile par nombre de réponses

% des personnes avec chaque résultat

Votre développement - résultats

Vous n’avez pas pris ce quiz